| 000 | 00336nam a2200133Ia 4500 | ||
|---|---|---|---|
| 005 | 20260328101528.0 | ||
| 008 | 260328s9999||||xx |||||||||||||| ||und|| | ||
| 100 | _aCampanario, Gabriel | ||
| 245 | 4 |
_aThe Complete Urban Sketching Companion / _cGabriel Campanario |
|
| 260 | _bQuarry | ||
| 300 | _a255 p. | ||
| 650 | _aDIBUJO | ||
| 942 | _cBK | ||
| 999 |
_c9854 _d9854 |
||